Le 11 titulaire de la France lors de la finale de la CDM 2018 - Statistiques

Statistiques générales
  • Ce quiz a été pris 228 fois
  • Le résultat moyen est 10 sur 11
Statistiques - réponses
# Joueurs % Correct
1 Lloris
99%
10 Mbappe
99%
9 Giroud
96%
7 Griezmann
96%
6 Pogba
95%
2 Pavard
94%
13 Kanté
93%
21 Hernandez
92%
4 Varane
89%
5 Umtiti
84%
15 Matuidi
76%
Aucun quiz correspondant
Distribution des résultats
% des personnes avec chaque résultat
Percentile par nombre de réponses
Votre historique - résultats
Vous n’avez pas pris ce quiz